| 000 | 00365nam a2200133Ia 4500 | ||
|---|---|---|---|
| 005 | 20260326235439.0 | ||
| 008 | 260326s9999||||xx |||||||||||||| ||und|| | ||
| 100 | _aIturralde L., Luis | ||
| 245 | 0 |
_aMedio Siglo de Obra Arquitectónica 1931-1981 / _cLuis Iturralde L. |
|
| 260 | _bGraficos Quipus | ||
| 300 | _a104 p. | ||
| 650 | _aARQUITECTURA REGIONAL | ||
| 942 | _cBK | ||
| 999 |
_c7328 _d7328 |
||